00910ntm a22002417a 450000500170000000800410001704000280005808200170008610000320010324500490013526000100018430000400019450001810023459000170041565000390043265300230047165500090049470000300050377700090053394200080054299900170055095201010056720170814131318.0170802s2014 xx a frb 000 0 eng d aEG-ScBUEbengcEG-ScBUE04222a624bBAD1 aBadra, Islam Ayman Mohamed.10aDesign project /cIslam Ayman Mohamed Badra. c2014. aiii. 63 p. :bill. (col.) ;c28 cm. aA design brief submitted to the faculty of engineering, the British University in Egypt, in partial fulfillment of the requirements for the bachelor degree in civil engineering aRAHMA KHALED 72BUEshaCivil engineeringvProjects bENGCIVcAugust2017 vSPRO1 aHelmy, Amr Ibrahim,eths. ASPRO 2ddc c25328d25300 00102ddc4070aMAINbMAINc2NDd2017-08-08l0o624 BADp000046469r2025-07-15 00:00:00yPROJST